Statystyki dla Wszystkie morza świata

Kliknij tutaj aby rozwiązać quiz!

Ogólne statystyki

  • Ten quiz został rozwiązany 62 razy
  • Średni wynik to 19 z 81

Statystyki odpowiedzi

Morza% Poprawnych
Bałtyckie
97%
Czarne
91%
Czerwone
85%
Dumont d’Urville’a
82%
Śródziemne
82%
Karaibskie
79%
Północne
79%
Żółte
71%
Japońskie
68%
Południowochińskie
65%
Egejskie
62%
Adriatyckie
59%
Arabskie
56%
Białe
56%
Beringa
50%
Norweskie
50%
Jońskie
44%
Koralowe
44%
Barentsa
38%
Wschodniochińskie
38%
Filipińskie
35%
Tasmana
35%
Tyrreńskie
35%
Sargassowe
32%
Irlandzkie
29%
Grenlandzkie
24%
Jawajskie
24%
Marmara
24%
Timor
21%
Azowskie
18%
Celtyckie
18%
Ochockie
18%
Andamańskie
15%
Czukockie
15%
Fidżi
15%
Karskie
15%
Balearskie
12%
Labradorskie
12%
Liguryjskie
12%
Weddella
12%
Wschodniosyberyjskie
12%
Baffina
9%
Beauforta
9%
Celebes
9%
Salomona
9%
Szkockie
9%
Alandzkie
6%
Alborańskie
6%
Arafura
6%
Bellingshausena
6%
Davisa
6%
Halmahera
6%
Kreteńskie
6%
Lakkadiwskie
6%
Łaptiewów
6%
Mirtejskie
6%
Rossa
6%
Sawu
6%
Scotia
6%
Seram
6%
Trackie
6%
Wspólnoty
6%
Amundsena
3%
Archipelagowe
3%
Bismarcka
3%
Kosmonautów
3%
Króla Haakona VII
3%
Łazariewa
3%
Mawsona
3%
Moluckie
3%
Peczorskie
3%
Somowa
3%
Sulu
3%
Wattowe
3%
Balijskie
0%
Flores
0%
Hebrydzkie
0%
Lincolna
0%
Riiser-Larsena
0%
Wandela
0%
Wewnętrzne
0%

Rozkład punktacji

Percentyl według liczby udzielonych odpowiedzi

Procent ludzi z każdym wynikiem

Twoja historia wyników

Nie rozwiązałeś tego quizu